000 01142cam a2200289 i 4500
999 _c40861
_d40861
001 40861
003 Mx-PuUPA
005 20191113075920.0
008 140415s2018 mx ad gr 001 0 spa d
020 _a9786071732163
040 _aMx-PuUPA
_bspa
_cMx-PuUPA
_dMx-PuUPA
_erda
041 0 _aspa
100 1 _aShimada Miyasaka, Armando,
_97104
_eautor
245 1 3 _aAlimentación animal /
_cArmando Shimada Miyasaka
250 _aPrimera edición /
_benero
264 4 _aMéxico, Ciudad de México :
_bEditorial Trillas,
_c©2018
300 _a327 páginas :
_bdiagramas, gráficas ;
_c24 cm
336 _2rdacontent
_atexto
_btxt
337 _2rdamedia
_asin medio
_bn
338 _2rdacarrier
_avolumen
_bnc
500 _a"Composición de los alimentos ; aditivos no nutricionales ; Alimentos de cerdos ; Aves, perros, conejos, caballos ; Formulación de raciones ; Alimentación de animales de granjas acuícolas".- Cubierta
650 4 _aAnimales
_xAlimentación
942 _2ddc
_cLI
_e636.084
_hS5551